La Fundación Cultural Banesto y la conservación del patrimonio histórico. (Record no. 12235)

MARC details
000 -LEADER
campo de control de longitud fija 00675nam a2200205 i 4500
001 - NÚMERO DE CONTROL
campo de control 12235
003 - IDENTIFICADOR DE NÚMERO DE CONTROL
campo de control ES-MaACL
005 - FECHA Y HORA DE LA ÚLTIMA TRANSACCIÓN
campo de control 20230906150253.0
008 - DATOS DE LONGITUD FIJA--INFORMACIÓN GENERAL
campo de control de longitud fija 960417s1994 sp ||||0| spa
020 ## - NÚMERO INTERNACIONAL ESTÁNDAR DEL LIBRO
Número Internacional Estándar del Libro 84-605-1395-5
080 ## - NÚMERO DE LA CLASIFICACIÓN DECIMAL UNIVERSAL
Número de la Clasificación Decimal Universal 067.27(460.27 M.)
080 ## - NÚMERO DE LA CLASIFICACIÓN DECIMAL UNIVERSAL
Número de la Clasificación Decimal Universal 7.025.4(460)
245 03 - MENCIÓN DEL TÍTULO
Título La Fundación Cultural Banesto y la conservación del patrimonio histórico.
260 ## - PUBLICACIÓN, DISTRIBUCIÓN, ETC.
Lugar de publicación, distribución, etc. [Madrid] :
Nombre del editor, distribuidor, etc. Fundación Cultural Banesto,
Fecha de publicación, distribución, etc. [1994]
300 ## - DESCRIPCIÓN FÍSICA
Extensión 197 p. :
Otras características físicas il. col. ;
Dimensiones 26 cm.
610 24 - PUNTO DE ACCESO ADICIONAL DE MATERIA--NOMBRE DE ENTIDAD CORPORATIVA
Nombre de entidad corporativa o nombre de jurisdicción como elemento de entrada Fundación Cultural Banesto.
9 (RLIN) 4258
650 14 - PUNTO DE ACCESO ADICIONAL DE MATERIA--TÉRMINO DE MATERIA
Término de materia o nombre geográfico como elemento de entrada Obras de arte-
Subdivisión general Restauración-
Subdivisión geográfica España.
9 (RLIN) 171254
710 2# - ENTRADA AGREGADA--NOMBRE DE ENTIDAD CORPORATIVA
Nombre de entidad corporativa o nombre de jurisdicción como elemento de entrada Fundación Cultural Banesto.
9 (RLIN) 4258
852 ## - LOCALIZACIÓN
Ubicación ES-MaACL
Número de control de estantería L-19635
Holdings
Estatus retirado Estado de pérdida Estado de daño No para préstamo Biblioteca de origen Biblioteca actual Ubicación en estantería Fecha de adquisición Fuente de adquisición Total de préstamos Signatura topográfica completa Código de barras Visto por última vez Precio de reemplazo Tipo de ítem Koha
        Biblioteca del Ateneo de Madrid Biblioteca del Ateneo de Madrid Depósito 2 17/01/2008     L-19635 1012467 23/02/2023 23/02/2023 Libro impreso